| 000 | 00640 a2200241 4500 | ||
|---|---|---|---|
| 502 | _aThèse de Doctorat | ||
| 260 | _aWageningen | ||
| 653 | 1 | _aAgronomie | |
| 100 | _aVAN DER ZEE, P. Frank | ||
| 041 | _bEn | ||
| 260 | _bUniversité de Wageningen | ||
| 300 | _a142 p. | ||
| 245 | _aAnaerobic azo dye reduction | ||
| 300 | _bIll., Couv. ill. ; 24 cm | ||
| 260 | _c21 Mai 2002 | ||
| 130 | _lEn | ||
| 040 | _aSupport | ||
| 041 | _bEn | ||
| 653 | 1 | _aNutrition et Sciences Alimentaires | |
| 100 | _uAbomey-Calavi, Université d'Abomey-Calavi, Faculté des Sciences Agronomiques, Bj | ||
| 020 | _a90-5808-610-0 | ||
| 999 |
_c31857 _d31857 |
||